South American Country Click Quiz - Statistics

General Stats
  • This quiz has been taken 77 times
  • The average score is 11 of 12
Answers on the Map
Answers color-coded by a green-red scale on the quiz's map according to % correct below.
 
Answer Stats
Answer % Correct
Brazil
98%
Argentina
94%
Chile
94%
Uruguay
93%
Peru
89%
Colombia
87%
Paraguay
87%
Ecuador
85%
Suriname
85%
Venezuela
85%
Bolivia
83%
Guyana
74%
No matching quizzes found
Score Distribution
Percent of People with Each Score
Percentile by Number Answered
Your Score History
You have not taken this quiz